Scorpius Stars Sequential Quiz - Statistics

General Stats
  • This quiz has been taken 4 times
  • The average score is 4 of 20
Answers on the Map
Answers color-coded by a green-red scale on the quiz's map according to % correct below.
 
Answer Stats
Answer % Correct
Antares
100%
Shaula
75%
Acrab
25%
Alniyat
25%
Dschubba
25%
Fang
25%
Iota-1
25%
Kappa
25%
Larawag
25%
Lesath
25%
Sargas
25%
Eta
0%
Fuyue
0%
Iklil
0%
Jabbah
0%
Omega-1
0%
Omega-2
0%
Paikauhale
0%
Xamidimura
0%
Zeta-2
0%
No matching quizzes found
Score Distribution
Percent of People with Each Score
Percentile by Number Answered
Your Score History
You have not taken this quiz